San Agustín: cultura clásica y cristianismo
-д хадгалсан:
| Үндсэн зохиолч: | |
|---|---|
| Формат: | Ном |
| Хэл сонгох: | испани |
| Хэвлэсэн: |
Salamanca
Universidad Pontificia de Salamanca
1988
|
| Нөхцлүүд: | |
| Шошгууд: |
Шошго нэмэх
Шошго байхгүй, Энэхүү баримтыг шошголох эхний хүн болох!
|
MARC
| LEADER | 00000nam a2200000 a 4500 | ||
|---|---|---|---|
| 001 | UCX3999 | ||
| 003 | CL-VaPUC | ||
| 008 | 920310e19880000SP |||||||||||||||||spa|d | ||
| 082 | 0 | 4 | |a 189.2 |b ORO |2 21 |
| 100 | |a Oroz Reta, José |e texto latino, versión española y notas |9 555393 | ||
| 245 | 1 | 0 | |a San Agustín: cultura clásica y cristianismo |
| 300 | |a 359 p | ||
| 942 | |c BK | ||
| 945 | |d 19920310 00:00:00 | ||
| 260 | |a Salamanca |b Universidad Pontificia de Salamanca |c 1988 | ||
| 600 | 0 | |a San Agustín de Hipona |x Teólogo y filósofo cristiano |9 311590 | |
| 650 | 0 | |a Cristianismo |9 257361 | |
| 583 | |a last modification |c 19920310 00:00:00 |k Rodrigo Vera | ||
| 999 | |c 344063 |d 344061 | ||
| 952 | |0 0 |1 0 |4 0 |6 189_200000000000000_ORO_1988 |7 0 |8 A |9 441832 |a BIBEDU |b BIBEDU |d 2019-11-22 |i 2901250 |l 4 |m 2 |o 189.2 ORO 1988 |p 2901250 |q 2024-08-02 |r 2024-07-03 |s 2024-07-03 |w 2019-11-22 |y BK |k FIL | ||